| 000 | 00522cam a2200205ua 4500 | ||
|---|---|---|---|
| 020 |
_a81-7099-657-0 _c495.00 |
||
| 041 |
_aeng _h |
||
| 082 |
_a628.440 42 _bABB/HE |
||
| 100 | _aAbbasi, S A . | ||
| 245 |
_aHeavy metals in the environment / _cS A Abbasi. _hTextual Documents |
||
| 250 |
_a1 / _b. |
||
| 260 |
_aNew Delhi : _bMittal Publications , _c1998. |
||
| 300 | _a314 ; . | ||
| 365 | _a495.00 | ||
| 504 | _a | ||
| 700 | 1 | _aAbbasi, N . | |
| 700 | 1 | _aSoni, R . | |
| 942 | _cBK | ||
| 999 |
_c11287 _d11287 |
||